Estatísticas para 12 perguntas sobre o mundo

Clique aqui para jogar o quiz

Estatísticas Gerais

  • Esse quiz foi jogado 252 vezes
  • A pontuação média é 10 de 12

Estatísticas das Respostas

QuestãoResposta% Correto
Qual é o maior país da América do Sul?Brasil
98%
Qual é o maior país do mundo?Rússia
98%
Qual o significado de RDCRepública Democrática do Congo
97%
Qual é o menor país do mundo?Vaticano
96%
Qual desses países da América do Sul contém 27 estados?Brasil
93%
Qual desses países é do continente Áfricano?Uganda
93%
A Indonésia fica na:Ásia
83%
O país que tem mais população é a:China
77%
Qual é o maior continente em território?Ásia
76%
A Rússia é do continenteEuropeu
67%
Iêmen faz fronteira com os países:Omã e Árabia Saudita
60%
O país que é crime ser LGBTQIA+ é a:Rússia
32%

Distribuição das Pontuações

Percentil de Números Respondidos

Porcentagem de Pessoas com Cada Pontuação

Sua Pontuação Histórica

Você não jogou esse quiz